| 000 | 00000nam 2200000zi 4500 |
| 001 | 9.919635 |
| 003 | CaOODSP |
| 005 | 20250910142446 |
| 006 | m o d f |
| 007 | cr ||||||||||| |
| 008 | 230131t20232023oncd ob f000 0 fre d |
| 020 | |a9780660473642 |
| 040 | |aCaOODSP|bfre|erda|cCaOODSP |
| 043 | |an-cn--- |
| 086 | 1 |aD2-467/2023F-PDF |
| 245 | 02|aL'art opérationnel du point de vue canadien : |bcontexte et concepts / |csous la direction de Allan English, Daniel Gosselin, Howard Coombs et Laurence M. Hickey. |
| 264 | 1|a[Ottawa] : |bDéfense nationale = National Defence, |c2023. |
| 264 | 4|c©2023 |
| 300 | |a1 ressource en ligne (xi, 420 pages) : |bgraphiques |
| 336 | |atexte|btxt|2rdacontent/fre |
| 337 | |ainformatique|bc|2rdamedia/fre |
| 338 | |aressource en ligne|bcr|2rdacarrier/fre |
| 504 | |aComprend des références bibliographiques. |
| 610 | 16|aCanada. |bForces armeĢes canadiennes. |
| 650 | 6|aDoctrines militaires|zCanada. |
| 650 | 0|aMilitary doctrine|zCanada. |
| 700 | 1 |aEnglish, Allan D.|q(Allan Douglas),|d1949- |
| 710 | 1 |aCanada. |bMinistère de la défense nationale, |eorganisme de publication. |
| 775 | 08|tThe operational art : |w(CaOODSP)9.919634 |
| 795 | |tL'art opérationnel : |w(CaOODSP)9.640169 |
| 856 | 40|qPDF|s2.98 MB|uhttps://publications.gc.ca/collections/collection_2023/mdn-dnd/D2-467-2023-fra.pdf |